Most popular boys names in Canada 2016 Quiz Stats

 Plays Quiz not verified by Sporcle

Also try: Mars or Hershey?
Challenge
Share
Tweet
Embed
Score 0/100 Timer 10:00
0 Plays Today
Rank Name % Correct
13James
93.7%
31Charles
93.7%
2William
93%
4Benjamin
92.3%
7Nathan
91.5%
5Jacob
90.1%
10Ethan
90.1%
17Jack
90.1%
62John
90.1%
1Liam
89.4%
15Alexander
89.4%
21Henry
89.4%
3Noah
88.7%
34Matthew
88%
40Evan
87.3%
46Nicholas
87.3%
9Lucas
86.6%
8Oliver
85.9%
85Luca
85.9%
35Caleb
84.5%
52Luke
84.5%
22Jackson
83.8%
30Michael
83.8%
56Eli
83.8%
66Andrew
83.8%
99Nathaniel
83.8%
71Tyler
83.1%
23Aiden
82.4%
28Ryan
82.4%
83Justin
82.4%
11Thomas
81.7%
89Jake
81.7%
6Logan
81%
19Adam
81%
Rank Name % Correct
27Daniel
81%
43David
81%
72Jordan
81%
18Owen
79.6%
42Dylan
79.6%
48Joshua
78.9%
14Gabriel
78.2%
78Cameron
78.2%
45Anthony
77.5%
96Cole
77.5%
29Carter
76.8%
33Isaac
76.8%
37Nolan
76.8%
53Wyatt
76.8%
61Joseph
76.8%
76Victor
76.8%
79Marcus
76.8%
26Zachary
76.1%
32Hunter
76.1%
16Samuel
75.4%
70Hayden
73.9%
98Arthur
73.9%
64Levi
73.2%
91Harrison
72.5%
12Mason
71.8%
93Colton
71.8%
60Elijah
71.1%
87Theo
71.1%
20Leo
70.4%
44Elliot
70.4%
73Max
69.7%
50Theodore
68.3%
58Jaxon
68.3%
51Connor
67.6%
Rank Name % Correct
94Vincent
67.6%
55Austin
66.9%
90Louis
66.9%
36Xavier
66.2%
38Hudson
66.2%
49Alexis
66.2%
80Gavin
66.2%
74Parker
65.5%
65Matteo
64.1%
88Dominic
64.1%
41Lincoln
63.4%
75Chase
62.7%
69Emmett
62%
100Simon
62%
68Blake
61.3%
24Felix
59.2%
67Sebastian
57%
25Jayden
54.9%
47Grayson
54.9%
77Zack
54.2%
81Muhammed
54.2%
59Emile
53.5%
63Edouard
52.1%
86Sawyer
50%
39Raphael
48.6%
82Declan
48.6%
54Tristan
47.9%
84Landon
47.2%
57Antoine
46.5%
92Mathis
45.8%
95Asher
43.7%
97Ryder
42.3%

You're not logged in!

Compare scores with friends on all Sporcle quizzes.
OR
Log In

You Might Also Like...

Show Comments

Extras

Top Quizzes Today


Score Distribution

Your Account Isn't Verified!

In order to create a playlist on Sporcle, you need to verify the email address you used during registration. Go to your Sporcle Settings to finish the process.

Report this User

Report this user for behavior that violates our Community Guidelines.

Details: